000 00714nam a2200241 a 4500
001 68606
003 BD-RjUL
005 20211209081806.0
008 170404s1963 enka b 001 0 eng d
035 _a(BD-RjUL)68816
040 _aBD-RjUL
_beng
_cBD-RjUL
_dD-RjUL
041 _aeng
082 _223
_a910.02
_bGRS 1963
100 1 _aGregory, S.
_q(Stanley)
_9203354
245 1 0 _aStatistical Methods and the Geographer /
_cS. Gregory
260 _aLondon :
_bLongmans,
_c1963
300 _axvi, 240 p. :
_bill. ;
_c23 cm
490 1 _aGeographies for advanced study
504 _aBibliography: p. 228-229
650 0 _aGeography
_9203355
830 0 _aGeographies for advanced study
_9203356
942 _2ddc
_cBK
999 _c68606
_d68606